Concelhos de Coimbra no mapa - Statistics

Estatísticas Gerais
  • Esse quiz foi jogado 44 vezes
  • A pontuação média é 13 de 17
Respostas no mapa
Respostas codificadas por cores de uma escala verde-vermelha no mapa do quiz de acordo com a % correta abaixo.
 
Estatísticas das Respostas
Resposta % Correto
Mira
100%
Coimbra
95%
Cantanhede
91%
Figueira da Foz
91%
Montemor-o-Velho
77%
Penela
77%
Condeixa-a-Nova
73%
Pampilhosa da Serra
73%
Penacova
73%
Arganil
68%
Góis
68%
Oliveira do Hospital
68%
Tábua
68%
Vila Nova de Poiares
68%
Miranda do Corvo
59%
Soure
59%
Lousã
55%
Nenhum quiz correspondente encontrado
Distribuição das Pontuações
Porcentagem de Pessoas com Cada Pontuação
Percentil de Números Respondidos
Sua Pontuação Histórica
Você não jogou esse quiz